000 02309nam a2200337 a 4500
001 1879323
003 AM-YEHGA
005 20250617164638.0
008 221213s2022 ai d|||grf||||||||0|arm|d
020 _a9789939791180
040 _aAM-YeHGA
041 0 _aarm
100 1 _aՄկրտչյան, Սառա Աշոտի
245 1 0 _aԽաղերի տեսության կիրառությունը տնտեսագիտության և կառավարման մեջ :
_bՈւսումնական ձեռնարկ /
_cՍ.Ա. Մկրտչյան, Լ.Ա. Ալավերդյան, Ս.Մ. Բախշյան ; Գրախոսներ՝ Ա.Ա. Մկրտչյան, Լ.Կ. Հարությունյան ; [Խմբագիր՝ Ն.Ա. Խաչատրյան] ; ՀՀ ԿԳՄՍՆ, ՀԱՊՀ. ԼՔՏ ինստիտուտ, ԼԱԲՏ և կառ. սեկտոր.
260 _aԵրևան :
_bՃարտարագետ,
_c2022.
300 _a96 էջ ։
_bաղյուսակներ ;
_c20 սմ.
504 _aՄատենագիտություն՝ էջ 94 (9 անուն)։
504 _aՏողատակում՝ մատենագիտական ծանոթագրություններ։
520 _aԱմփոփում՝ էջ 93։
650 1 4 _aՄաթեմատիկական ծրագրավորում
_xԽաղերի տեսություն
_vՈւսումնական ձեռնարկներ
650 1 4 _aՏնտեսագիտություն
_xՇուկայական հարաբերություններում մրցակցության տեսությունը
700 1 _aԱլավերդյան, Լիանա Արմենակի
700 1 _aԲախշյան, Սասուն Մյասնիկի
700 1 _aՄկրտչյան, Ա.Ա.
_eգրախոս
_4rev
700 1 _aՀարությունյան, Լ.Կ.
_eգրախոս
_4rev
700 1 _aԽաչատրյան, Ն.Ա.
_eխմբ.
_4edt
710 2 _aՀՀ կրթության, գիտության, մշակույթի և սպորտի նախարարություն
710 2 _aՀայաստանի ազգային պոլիտեխնիկական համալսարան.
_bԼեռնամետալուրգիայի և քիմիական տեխնոլոգիաների ինստիտուտ
_bԼեռնամետալուրգիական արդյունաբերության և բնօգտագործման տնտեսագիտության և կառավարման սեկտոր
942 _2udc
_cBK
090 _c565068
999 _c527094
_d527094